000 00495nam a22001817a 4500
005 20251108175530.0
008 250721s2006 xx 000 0 eng d
082 1 4 _aJ/F/KRO
100 1 _akroll, virginia
245 1 0 _aon the way kindergarten /
264 1 _anew york :
_bG.P. putnam's sons,
_c2006.
300 _a[34p.]
650 1 7 _afiction
653 _aاطفال مرحلة متوسطة (6-9 ) سنوات
700 1 _aschlissberg, elisaberg
942 _2ddc
_cBK
999 _c136329
_d136329